| 000 | 01404 a2200229 4500 | ||
|---|---|---|---|
| 003 | Nust | ||
| 005 | 20221130175747.0 | ||
| 010 | _a 2004060960 | ||
| 020 | _a0071116273 | ||
| 040 | _cNust | ||
| 082 | 0 | 0 | _a621.38152,NEA |
| 100 | 1 |
_aNeamen, Donald A. _959734 |
|
| 245 | 1 | 3 |
_aAn introduction to Semiconductor devices / _cDonald A. Neamen. |
| 246 | 3 | 0 | _aSemiconductor devices |
| 260 |
_aBoston : _bMcGraw-Hill, _cc2006. |
||
| 300 |
_axx, 678 p. : _bill. (some col.) ; _c24 cm. |
||
| 505 | _aThe Crystal Structure of Solids (Page-1), Theory of Solids (Page-31), The Semiconductor in Equilibrium (Page-70), Carrier Transport and Excess Carrier Phenomena (Page-128), The Pn Junction and Metal Semiconductor Contact (Page-174), Fundamentals of the Metal Oxide Semiconductor Field-Effect Transistor (Page-223), Metal-Oxide –Semiconductor Field –Effect Transistor Additional Concepts (Page-311), Nonequilibrium Excess Carriers in Semiconductors (Page-538), The Pn Junction and Schottky Diodes (Page-398), The Bipolar Transistor (Page-460), Additional Semiconductor Devices and Device Concepts (Page-546), Optical Devices (Page-590). | ||
| 650 | 0 | _aTelecommunication Engineering | |
| 856 | 4 | 2 |
_3Publisher description _uhttp://www.loc.gov/catdir/enhancements/fy0618/2004060960-d.html |
| 856 | 4 | 2 |
_3Table of contents only _uhttp://www.loc.gov/catdir/enhancements/fy0618/2004060960-t.html |
| 942 |
_2ddc _cBK |
||
| 999 |
_c182268 _d182268 |
||